00468nam a2200157Ia 4500008004100000020001500041082001600056100002200072245004600094250000700140260004300147300003000190500001900220600002100239650005000260240925s9999 xx 000 0 und d a1571690077 a005.133 HAT aHatmaker, Michael 0aVisual Basic 4 OlE Database and Controls  aNA aCalifornia:bWaite Group Pressc,1995. axxvii,553p.bNAfOriginal aIncludes Index aComputer Science aComputer science, information & general works